[Event "3rd VAM op"]
[Site "Hoogeveen NED"]
[Date "1999.10.15"]
[Round "1.1"]
[White "Remmel, Tim"]
[Black "Gofshtein, Leonid D"]
[Result "0-1"]
[WhiteElo "2201"]
[BlackElo "2507"]
[EventDate "1999.10.15"]
[PlyCount "102"]

1.e4 c5 2.Nf3 d6 3.c3 Nf6 4.Be2 Bd7 5.e5 dxe5 6.Nxe5 Nc6 7.Nxd7 Qxd7 8.d3 
e6 9.Bf4 Bd6 10.Bxd6 Qxd6 11.Nd2 Nd5 12.Nc4 Qc7 13.a4 O-O 14.O-O Rfd8 15.
Qc2 b6 16.Bf3 Rd7 17.g3 Rad8 18.Bg2 a6 19.Rfe1 g6 20.Rad1 b5 21.axb5 axb5 
22.Nd2 Nf6 23.Ne4 Nxe4 24.Bxe4 Ne5 25.f4 Ng4 26.Bf3 Nf6 27.Qe2 Rd6 28.Kg2 
b4 29.Qe3 bxc3 30.bxc3 Nd5 31.Bxd5 Rxd5 32.Qe4 Qd6 33.Re3 Qa6 34.Rd2 Rb8 
35.Ree2 Rb3 36.c4 Rd4 37.Qf3 Qd6 38.Re3 Rxc4 39.dxc4 Qxd2+ 40.Re2 Rxf3 41.
Rxd2 Rc3 42.Rd8+ Kg7 43.Rc8 Rxc4 44.Kf3 h5 45.h3 Rc3+ 46.Kg2 c4 47.g4 h4 
48.g5 Rg3+ 49.Kh2 c3 50.Ra8 Rf3 51.Rc8 Rf2+ 0-1

[Event "3rd VAM op"]
[Site "Hoogeveen NED"]
[Date "1999.10.15"]
[Round "1.2"]
[White "Bosboom, Manuel"]
[Black "Hulshof, Peter"]
[Result "1-0"]
[WhiteElo "2476"]
[BlackElo "2195"]
[EventDate "1999.10.15"]
[PlyCount "63"]

1.d4 g6 2.e4 Bg7 3.Nf3 c6 4.c4 d5 5.exd5 cxd5 6.cxd5 Qxd5 7.Nc3 Qd8 8.Bc4 
Nc6 9.d5 Na5 10.Bb5+ Bd7 11.Qa4 Bxb5 12.Qxb5+ Kf8 13.O-O a6 14.Qd3 Qc7 15.
Re1 Rd8 16.Re4 b5 17.Bf4 Qb6 18.Rae1 Nc4 19.R4e2 h5 20.d6 Nxd6 21.Nd5 Nf5 
22.Qxf5 Qb7 23.Qxf7+ Kxf7 24.Ng5+ Ke8 25.Nc7+ Kd7 26.Rd2+ Kc8 27.Rc2 e5 
28.Nxa6+ Qc6 29.Rxc6+ Kb7 30.Rxg6 exf4 31.Rxg7+ Kxa6 32.Nf7 1-0

[Event "3rd VAM op"]
[Site "Hoogeveen NED"]
[Date "1999.10.15"]
[Round "1.5"]
[White "Reinderman, Dimitri"]
[Black "Pel, Bonno"]
[Result "1-0"]
[WhiteElo "2525"]
[BlackElo "2224"]
[EventDate "1999.10.15"]
[PlyCount "63"]

1.e4 d6 2.d4 Nf6 3.f3 g6 4.c4 Bg7 5.Bg5 O-O 6.Qd2 e5 7.d5 h6 8.Be3 c5 9.
Ne2 Kh7 10.Nbc3 Na6 11.g4 Nc7 12.Ng3 a6 13.h4 Ng8 14.h5 g5 15.b4 b6 16.Rb1
Qd7 17.Nf5 Bf6 18.Bd3 Bd8 19.Bc2 Ne8 20.Ba4 Qc7 21.Bc6 Ra7 22.O-O Bxf5 23.
exf5 Ne7 24.Ba4 Nf6 25.Qd3 Qc8 26.Rb2 Bc7 27.Rfb1 Qa8 28.Ne4 Kg7 29.bxc5 
bxc5 30.Nxc5 dxc5 31.Bxc5 Nc8 32.Bc6 1-0

[Event "3rd VAM op"]
[Site "Hoogeveen NED"]
[Date "1999.10.15"]
[Round "1.6"]
[White "Porrasmaa, Timo"]
[Black "Blees, Albert"]
[Result "1-0"]
[WhiteElo "2152"]
[BlackElo "2410"]
[EventDate "1999.10.15"]
[PlyCount "72"]

1.d4 d5 2.Nf3 Nf6 3.e3 g6 4.Be2 Bg7 5.O-O O-O 6.b4 Nbd7 7.Nbd2 c6 8.a4 Re8
9.c4 e5 10.Nxe5 Nxe5 11.dxe5 Nd7 12.f4 f6 13.cxd5 fxe5 14.dxc6 bxc6 15.Bb2
Qe7 16.Nf3 exf4 17.Bc4+ Kh8 18.Bxg7+ Kxg7 19.Qd4+ Nf6 20.Rae1 Qxb4 21.Ng5 
Rb8 22.Nxh7 Kxh7 23.Qxf6 Rf8 24.Qh4+ Kg7 25.Rxf4 Bf5 26.e4 Rbe8 27.Ref1 
Qxc4 28.exf5 Qc5+ 29.Kh1 Rf6 30.fxg6 Rxf4 31.Qh7+ Kf6 32.Qf7+ Kg5 33.Qxf4+
Kh5 34.g7 Qe7 35.Qf3+ Kh6 36.h3 Kxg7 1-0

[Event "3rd VAM op"]
[Site "Hoogeveen NED"]
[Date "1999.10.15"]
[Round "1.7"]
[White "Tare, Marenglan"]
[Black "Hendriks, Willy"]
[Result "0-1"]
[WhiteElo "2139"]
[BlackElo "2378"]
[EventDate "1999.10.15"]
[PlyCount "68"]

1.d4 Nf6 2.Nf3 g6 3.c4 c5 4.Nc3 cxd4 5.Nxd4 Nc6 6.e4 d6 7.Be2 Bg7 8.Be3 
O-O 9.O-O Bd7 10.Rc1 Nxd4 11.Bxd4 Bc6 12.Qd3 a5 13.Nd5 Nd7 14.Bxg7 Kxg7 
15.Qd4+ Kg8 16.Kh1 Rc8 17.f4 e5 18.Qe3 Bxd5 19.cxd5 exf4 20.Qxf4 Rxc1 21.
Rxc1 Qb6 22.b3 Re8 23.Rf1 Ne5 24.Qd2 Rc8 25.Rc1 Rxc1+ 26.Qxc1 Qd4 27.Qc2 
Qa1+ 28.Bd1 Qd4 29.Be2 Kg7 30.h3 Qf2 31.Bd1 Qf1+ 32.Kh2 h5 33.Qe2 Qf4+ 34.
g3 Qc1 0-1

[Event "3rd VAM op"]
[Site "Hoogeveen NED"]
[Date "1999.10.15"]
[Round "1.8"]
[White "Vedder, Richard"]
[Black "Van den Doel, Erik"]
[Result "0-1"]
[WhiteElo "2234"]
[BlackElo "2528"]
[EventDate "1999.10.15"]
[PlyCount "80"]

1.e4 e5 2.Nf3 Nc6 3.Bb5 a6 4.Ba4 Nf6 5.O-O Be7 6.Bxc6 dxc6 7.Qe1 Nd7 8.b3 
c5 9.Bb2 Bd6 10.Nc3 Nb8 11.Nd5 Nc6 12.c3 Bg4 13.Qe2 O-O 14.Ne3 Bh5 15.Nf5 
Qf6 16.h3 g6 17.Nh6+ Kg7 18.Ng4 Qe6 19.Ne3 f5 20.exf5 gxf5 21.g4 fxg4 22.
Nh2 Kh8 23.hxg4 Bg6 24.Ng2 Rae8 25.Rfe1 e4 26.d4 Qf6 27.Qe3 cxd4 28.cxd4 
Nb4 29.Re2 Nd5 30.Qh3 Kg8 31.a3 Re7 32.Nf1 Qf3 33.Qxf3 exf3 34.Rxe7 fxg2 
35.Ree1 gxf1=Q+ 36.Rxf1 Rf3 37.b4 Nf4 38.Rae1 Bd3 39.Re8+ Kf7 40.Rfe1 Nh3+
0-1

[Event "3rd VAM op"]
[Site "Hoogeveen NED"]
[Date "1999.10.15"]
[Round "1.10"]
[White "Markus, John Raymond"]
[Black "Bosch, Jeroen"]
[Result "0-1"]
[WhiteElo "2156"]
[BlackElo "2433"]
[EventDate "1999.10.15"]
[PlyCount "46"]

1.d4 f5 2.e4 fxe4 3.Nc3 Nf6 4.Bg5 Nc6 5.d5 Ne5 6.Qd4 Nf7 7.Bxf6 exf6 8.
Qxe4+ Be7 9.Nf3 g6 10.O-O-O f5 11.Qe3 O-O 12.h4 Bf6 13.Bc4 Nd6 14.Bb3 b5 
15.Qc5 Rb8 16.a3 a5 17.Qa7 Ba6 18.Qc5 b4 19.axb4 axb4 20.Na4 Bb5 21.h5 Ra8
22.Qxb4 Bxa4 23.Bxa4 Rb8 0-1

[Event "3rd VAM op"]
[Site "Hoogeveen NED"]
[Date "1999.10.15"]
[Round "1.11"]
[White "Nicholson, John G"]
[Black "Neverov, Valeriy"]
[Result "0-1"]
[WhiteElo "2249"]
[BlackElo "2549"]
[EventDate "1999.10.15"]
[PlyCount "112"]

1.e4 c5 2.Nf3 d6 3.d4 cxd4 4.Nxd4 Nf6 5.Nc3 a6 6.Be3 e5 7.Nf3 Be7 8.a4 Nc6
9.Be2 O-O 10.O-O Be6 11.Nd2 Nd4 12.f4 Nxe2+ 13.Qxe2 exf4 14.Rxf4 Rc8 15.
Nb3 Nd7 16.Nd4 Bf6 17.Kh1 Re8 18.Rd1 Be5 19.Rf2 Nf6 20.Nxe6 Rxe6 21.Bg5 
Bxc3 22.bxc3 Rc5 23.Bxf6 Rxf6 24.Rf3 Qe7 25.Re3 h6 26.Kg1 Re6 27.Re1 Qc7 
28.Qd3 Rc4 29.a5 Rc5 30.Rf1 Rxa5 31.Ref3 f6 32.Rf5 Rae5 33.Rxe5 Rxe5 34.
Rd1 Qc5+ 35.Kf1 Qc6 36.Qxd6 Qxe4 37.Qd8+ Re8 38.Qd5+ Qxd5 39.Rxd5 Kf7 40.
Rd6 Re6 41.Rd7+ Re7 42.Rd6 Kg6 43.Rb6 Kf5 44.c4 Rc7 45.Ke1 h5 46.Kd2 h4 
47.c5 g5 48.c6 Rxc6 49.Rxb7 Rc4 50.h3 Kf4 51.Rb3 a5 52.Rf3+ Ke5 53.Kd3 
Rd4+ 54.Kc3 Re4 55.Kd3 f5 56.c4 f4 0-1

[Event "3rd VAM op"]
[Site "Hoogeveen NED"]
[Date "1999.10.15"]
[Round "1.12"]
[White "Tikkanen, Kari"]
[Black "Van der Veen, Jan"]
[Result "1/2-1/2"]
[WhiteElo "2332"]
[BlackElo "2090"]
[EventDate "1999.10.15"]
[PlyCount "81"]

1.d4 Nf6 2.Nf3 g6 3.Bg5 Bg7 4.Nbd2 O-O 5.c3 d6 6.e4 Nbd7 7.Bc4 e5 8.dxe5 
dxe5 9.O-O h6 10.Bh4 Qe8 11.b4 Nh5 12.Re1 Bf6 13.Bg3 a5 14.a3 Nb6 15.Bb3 
Be6 16.c4 Nd7 17.Qc2 b6 18.Ba4 Qe7 19.Bc6 Ra7 20.b5 Nxg3 21.hxg3 Nc5 22.
Nf1 Bd7 23.Bd5 Kh7 24.Rad1 Rd8 25.Ne3 Qe8 26.Qb1 Bg7 27.Rd2 Bf8 28.Red1 
Bd6 29.Qb2 Kg7 30.Ne1 f6 31.Nd3 Ne6 32.Bxe6 Bxe6 33.c5 Bf8 34.cxb6 cxb6 
35.Nf4 Rxd2 36.Nxe6+ Qxe6 37.Rxd2 Rd7 38.Rxd7+ Qxd7 39.a4 Bc5 40.Qc3 h5 
41.Nd5 1/2-1/2

[Event "3rd VAM op"]
[Site "Hoogeveen NED"]
[Date "1999.10.15"]
[Round "1.13"]
[White "Kasimdzhanov, Rustam"]
[Black "Jonitz, Jens"]
[Result "0-1"]
[WhiteElo "2603"]
[BlackElo "2316"]
[EventDate "1999.10.15"]
[PlyCount "88"]

1.d4 Nf6 2.c4 g6 3.Nc3 Bg7 4.e4 d6 5.f3 O-O 6.Be3 c5 7.Nge2 Nc6 8.d5 Ne5 
9.Ng3 e6 10.Be2 exd5 11.cxd5 a6 12.a4 h5 13.O-O h4 14.Nh1 Nh7 15.f4 Nd7 
16.Nf2 f5 17.Bd3 fxe4 18.Bxe4 Re8 19.Qd3 Ndf8 20.Rae1 Qf6 21.g4 hxg3 22.
hxg3 b5 23.Bg2 Qd8 24.Bc1 Bf5 25.Be4 c4 26.Qc2 Qd7 27.Bxf5 gxf5 28.Ncd1 
Ng6 29.Ne3 Ne7 30.Bd2 Bd4 31.Rd1 Nf6 32.Bc3 Bxc3 33.Qxc3 Kf7 34.Nh3 Ne4 
35.Ng5+ Nxg5 36.fxg5 Kg8 37.Qf6 Rf8 38.Qh6 Rf7 39.Ng4 Qa7+ 40.Kg2 fxg4 41.
Rxf7 Kxf7 42.Qe6+ Ke8 43.Rh1 Qd4 44.Re1 Qd2+ 0-1

[Event "3rd VAM op"]
[Site "Hoogeveen NED"]
[Date "1999.10.15"]
[Round "1.15"]
[White "Barsov, Alexei"]
[Black "Amesz, Jaap"]
[Result "1-0"]
[WhiteElo "2539"]
[BlackElo "2217"]
[EventDate "1999.10.15"]
[PlyCount "61"]

1.d4 Nf6 2.Nf3 c5 3.d5 b5 4.Bg5 Bb7 5.Bxf6 exf6 6.e4 a6 7.Be2 d6 8.a4 b4 
9.O-O g6 10.Nfd2 Nd7 11.Nc4 Ne5 12.Ne3 Bh6 13.f4 O-O 14.a5 Qe7 15.Nd2 Rae8
16.Kh1 Nd7 17.Bg4 f5 18.Bxf5 Bg7 19.Ndc4 Bd4 20.Bxd7 Qxd7 21.Qd3 Qe7 22.
Rae1 Qxe4 23.Qxe4 Rxe4 24.Nxd6 Re7 25.Nxb7 Rxb7 26.Nc4 Rd8 27.d6 Rbd7 28.
Rf3 Bg7 29.Rd3 Bf8 30.g4 Kg7 31.Re5 1-0

[Event "3rd VAM op"]
[Site "Hoogeveen NED"]
[Date "1999.10.15"]
[Round "1.16"]
[White "Erwich, Frank"]
[Black "Podgaets, Mikhail"]
[Result "1-0"]
[WhiteElo "2196"]
[BlackElo "2490"]
[EventDate "1999.10.15"]
[PlyCount "65"]

1.e4 c6 2.d4 d5 3.exd5 cxd5 4.c4 Nf6 5.Nc3 e6 6.Nf3 Bb4 7.Qc2 Nc6 8.cxd5 
Nxd5 9.Bd3 Ba5 10.a3 Nxc3 11.bxc3 Nxd4 12.Nxd4 Qxd4 13.O-O Qe5 14.Be3 Bd7 
15.Bd4 Qh5 16.Be4 Bc7 17.f4 O-O 18.Bxb7 Rab8 19.Be4 Bb6 20.Rad1 Rfd8 21.
Rf3 f5 22.Bxb6 Rxb6 23.Bd3 Bc6 24.Rff1 Rdb8 25.Rd2 Qf7 26.Re1 Qe7 27.h3 
Qxa3 28.Rxe6 Rb2 29.Qd1 Qxc3 30.Bc4 Qxc4 31.Rd8+ Kf7 32.Re7+ Kg6 33.Rd6+ 
1-0

[Event "3rd VAM op"]
[Site "Hoogeveen NED"]
[Date "1999.10.15"]
[Round "1.17"]
[White "Visser, Yge"]
[Black "Hendriks, Richard V"]
[Result "1-0"]
[WhiteElo "2378"]
[BlackElo "2145"]
[EventDate "1999.10.15"]
[PlyCount "68"]

1.Nf3 Nc6 2.g3 e5 3.d3 d5 4.Bg2 Nf6 5.O-O Be7 6.a3 Bg4 7.h3 Bxf3 8.Bxf3 h6
9.Bg2 O-O 10.b4 a6 11.Nd2 Qd7 12.c4 Rad8 13.cxd5 Nxd5 14.Bb2 Nd4 15.Nc4 
Bf6 16.e3 Nc6 17.Qb3 b5 18.Nd2 Nde7 19.Ne4 Qxd3 20.Qxd3 Rxd3 21.Rfc1 Nb8 
22.Rxc7 Nd5 23.Rb7 Be7 24.Rc1 Rd8 25.Bxe5 Nd7 26.Bd4 Bf6 27.Rxd7 Rxd7 28.
Nc5 Nc3 29.Nxd3 Ne2+ 30.Kf1 Nxc1 31.Nxc1 Bxd4 32.exd4 Rxd4 33.Ke2 Kf8 34.
Nb3 Ke7 1-0

[Event "3rd VAM op"]
[Site "Hoogeveen NED"]
[Date "1999.10.15"]
[Round "1.18"]
[White "Cifuentes Parada, Roberto"]
[Black "Vistisen, Lars"]
[Result "1-0"]
[WhiteElo "2506"]
[BlackElo "2199"]
[EventDate "1999.10.15"]
[PlyCount "75"]

1.d4 Nf6 2.c4 c5 3.e3 e6 4.Nf3 Be7 5.Nc3 O-O 6.Be2 b6 7.O-O d5 8.cxd5 exd5
9.b3 Bb7 10.Bb2 Nbd7 11.dxc5 bxc5 12.Qc2 Rc8 13.Rfd1 Qc7 14.Rac1 Rfd8 15.
Qf5 Nf8 16.Na4 Qd7 17.Nh4 g6 18.Qe5 Qe6 19.Nf3 Qxe5 20.Nxe5 Ne6 21.Nd3 Nd7
22.Ba3 Kf8 23.Bf3 Rc7 24.Nc3 Nb6 25.Nb5 Rcc8 26.Ne5 a6 27.Nc3 Bf6 28.Nd3 
Kg7 29.Ne2 Nd7 30.Nef4 Nxf4 31.Nxf4 g5 32.Nxd5 Ne5 33.Be4 Bxd5 34.Bxd5 Nd7
35.Be4 Rc7 36.Bf5 Ne5 37.Rxd8 Bxd8 38.Rxc5 1-0

[Event "3rd VAM op"]
[Site "Hoogeveen NED"]
[Date "1999.10.15"]
[Round "1.19"]
[White "Brodsky, Mikhail"]
[Black "Van der Erf, Remco"]
[Result "1-0"]
[WhiteElo "2512"]
[BlackElo "2206"]
[EventDate "1999.10.15"]
[PlyCount "51"]

1.e4 c5 2.Nf3 d6 3.d4 cxd4 4.Nxd4 Nf6 5.Nc3 a6 6.Be2 e5 7.Nb3 Be7 8.O-O 
O-O 9.Be3 Be6 10.Qd2 Nbd7 11.a4 Qc7 12.f3 Rac8 13.a5 Rfe8 14.Kh1 Bf8 15.
Rfc1 Qc6 16.Rd1 h6 17.Rac1 Nc5 18.Nd5 Bxd5 19.exd5 Qd7 20.Na1 Qf5 21.b4 
Ncd7 22.Nb3 e4 23.f4 h5 24.h3 h4 25.c4 Nh5 26.Bg4 1-0

[Event "3rd VAM op"]
[Site "Hoogeveen NED"]
[Date "1999.10.15"]
[Round "1.20"]
[White "Erwich, Marc"]
[Black "Van Kooten, Luuk"]
[Result "0-1"]
[WhiteElo "2059"]
[BlackElo "2331"]
[EventDate "1999.10.15"]
[PlyCount "130"]

1.e4 c5 2.Nf3 d6 3.d4 cxd4 4.Nxd4 Nf6 5.Nc3 a6 6.Be2 e6 7.O-O Be7 8.f4 O-O
9.Be3 Nc6 10.a4 Qc7 11.g4 Nxd4 12.Bxd4 e5 13.Be3 exf4 14.Rxf4 Be6 15.Nd5 
Bxd5 16.exd5 Qa5 17.Rd4 Nd7 18.c3 Rfe8 19.Rb4 Qc7 20.a5 Bf6 21.Qd2 g6 22.
Rf1 Bg7 23.Bd1 Nc5 24.Bxc5 Qxc5+ 25.Qf2 Qxf2+ 26.Kxf2 Re7 27.Ba4 Rc8 28.
Ra1 Be5 29.h3 Kg7 30.Kf3 Rh8 31.Ra3 h5 32.g5 Rc8 33.Re4 f6 34.gxf6+ Kxf6 
35.h4 g5 36.hxg5+ Kxg5 37.Ra1 Rf8+ 38.Kg2 Ref7 39.Re2 Rf3 40.Rg1 Rg3+ 41.
Kh1 h4 42.Rxg3+ hxg3 43.Kg2 Rc8 44.Re4 Rc5 45.Bb3 Rxa5 46.Rb4 Rb5 47.Rxb5 
axb5 48.Bc2 Kf4 49.Bd3 b4 50.cxb4 Bxb2 51.b5 Bd4 52.Bg6 Bf2 53.Bh5 Ke5 54.
Kf1 b6 55.Bf3 Kd4 56.Kg2 Kc5 57.Be2 Kxd5 58.Kf3 Kd4 59.Bf1 d5 60.Ke2 Kc3 
61.Bg2 Kc4 62.Kd2 Kxb5 63.Bxd5 Kc5 64.Bg2 Kb4 65.Kc2 b5 0-1

[Event "3rd VAM op"]
[Site "Hoogeveen NED"]
[Date "1999.10.15"]
[Round "1.22"]
[White "Solleveld, Maarten"]
[Black "Azadmanesh, Moosa"]
[Result "1-0"]
[WhiteElo "2404"]
[BlackElo "2147"]
[EventDate "1999.10.15"]
[PlyCount "80"]

1.e4 c5 2.Nf3 d6 3.d4 cxd4 4.Nxd4 Nf6 5.Nc3 a6 6.f4 e6 7.Qf3 Qc7 8.g4 b5 
9.g5 Nfd7 10.Bd3 Bb7 11.Be3 Nc6 12.O-O-O Nxd4 13.Bxd4 b4 14.Ne2 O-O-O 15.
Kb1 e5 16.Be3 Nc5 17.Rhf1 f6 18.gxf6 gxf6 19.fxe5 fxe5 20.Bxc5 dxc5 21.Bc4
Be7 22.Bd5 Kb8 23.Qh5 Bxd5 24.exd5 Rhf8 25.Rxf8 Bxf8 26.Ng3 c4 27.Ne4 c3 
28.b3 a5 29.Qf5 Ka7 30.Qe6 Qe7 31.Qc6 Qd7 32.Qc4 Rc8 33.Qd3 a4 34.d6 axb3 
35.axb3 Qc6 36.Rf1 Kb8 37.d7 Rd8 38.Rxf8 Rxf8 39.d8=Q+ Rxd8 40.Qxd8+ Kb7 
1-0

[Event "3rd VAM op"]
[Site "Hoogeveen NED"]
[Date "1999.10.15"]
[Round "1.26"]
[White "Jonkman, Harmen"]
[Black "Plasman, Hans"]
[Result "1-0"]
[WhiteElo "2421"]
[BlackElo "2152"]
[EventDate "1999.10.15"]
[PlyCount "57"]

1.e4 e5 2.f4 exf4 3.Bc4 Nf6 4.Nc3 c6 5.Bb3 d5 6.exd5 cxd5 7.d4 Nc6 8.Bxf4 
Be7 9.Nf3 O-O 10.O-O Na5 11.Qd3 Nxb3 12.axb3 a6 13.Bg5 h6 14.Bh4 Be6 15.
Rae1 Re8 16.Ne5 g5 17.Bg3 Bf8 18.Nf3 Bg7 19.Be5 Nh5 20.Bxg7 Kxg7 21.Ne5 
Rc8 22.Ne2 Rc7 23.c3 Rf8 24.Qf3 Nf6 25.Ng3 Ng8 26.Qd3 Kh8 27.Nh5 Qe8 28.
Rf6 Re7 29.Ref1 1-0

[Event "3rd VAM op"]
[Site "Hoogeveen NED"]
[Date "1999.10.16"]
[Round "2.1"]
[White "Neverov, Valeriy"]
[Black "Solleveld, Maarten"]
[Result "1-0"]
[WhiteElo "2549"]
[BlackElo "2404"]
[EventDate "1999.10.15"]
[PlyCount "81"]

1.d4 Nf6 2.c4 g6 3.Nf3 Bg7 4.g3 O-O 5.Bg2 d6 6.O-O Nbd7 7.Qc2 e5 8.Rd1 Qe7
9.Nc3 c6 10.e4 exd4 11.Nxd4 Nc5 12.b4 Ne6 13.Nb3 Ng4 14.Bb2 f5 15.exf5 Ng5
16.Re1 Qd8 17.Ne4 Bxb2 18.Qxb2 Nxe4 19.Rxe4 Bxf5 20.Rd4 Qf6 21.Qd2 Rad8 
22.Rd1 Ne5 23.f4 Nf7 24.Na5 Bc8 25.b5 cxb5 26.cxb5 Qe7 27.Nc4 Bg4 28.Re1 
Qc7 29.h3 Bc8 30.Kh2 b6 31.Ne3 Be6 32.Rc1 Qe7 33.Re1 Qf6 34.Ng4 Bxg4 35.
hxg4 Rfe8 36.g5 Qg7 37.Rde4 Rxe4 38.Rxe4 h6 39.Re7 hxg5 40.Bd5 Rf8 41.fxg5
1-0

[Event "3rd VAM op"]
[Site "Hoogeveen NED"]
[Date "1999.10.16"]
[Round "2.2"]
[White "Van der Veen, Jan"]
[Black "Werle, Jan"]
[Result "0-1"]
[WhiteElo "2090"]
[BlackElo "2216"]
[EventDate "1999.10.15"]
[PlyCount "60"]

1.e4 c5 2.Nc3 e6 3.f4 d5 4.Nf3 dxe4 5.Nxe4 Be7 6.Bc4 Nf6 7.Qe2 O-O 8.O-O 
Nc6 9.c3 Qc7 10.Nfg5 h6 11.Nxf6+ Bxf6 12.Ne4 Be7 13.d3 Na5 14.Bb5 a6 15.
Ba4 b5 16.Bc2 Bd7 17.Be3 b4 18.f5 exf5 19.Ng3 Rfe8 20.Qd2 bxc3 21.bxc3 
Rad8 22.Bf4 Qc8 23.Rae1 Bf8 24.Rxe8 Rxe8 25.Be3 Nc6 26.Qf2 Ne5 27.h3 g6 
28.d4 Nc4 29.Bc1 cxd4 30.Qxd4 Bc5 0-1

[Event "3rd VAM op"]
[Site "Hoogeveen NED"]
[Date "1999.10.16"]
[Round "2.4"]
[White "Van der Erf, Remco"]
[Black "Erwich, Marc"]
[Result "1/2-1/2"]
[WhiteElo "2206"]
[BlackElo "2059"]
[EventDate "1999.10.15"]
[PlyCount "60"]

1.d4 Nf6 2.c4 c5 3.d5 b5 4.Nf3 bxc4 5.Nc3 d6 6.e4 g6 7.Bxc4 Bg7 8.O-O O-O 
9.h3 Nbd7 10.Qe2 Nb6 11.Bb3 a5 12.a4 Ne8 13.Rd1 Nc7 14.e5 Ba6 15.Qe4 Nd7 
16.e6 fxe6 17.dxe6 Nf6 18.Qe1 Rb8 19.Ra3 Qc8 20.Ba2 c4 21.Nd4 Qb7 22.Ncb5 
Bxb5 23.axb5 Nxb5 24.Nxb5 Qxb5 25.Rxa5 Qb6 26.Be3 Qxb2 27.Rb1 Qc2 28.Rc1 
Qb2 29.Rb1 Qc2 30.Rc1 Qb2 1/2-1/2

[Event "3rd VAM op"]
[Site "Hoogeveen NED"]
[Date "1999.10.16"]
[Round "2.5"]
[White "Hendriks, Richard V"]
[Black "Vedder, Richard"]
[Result "1/2-1/2"]
[WhiteElo "2145"]
[BlackElo "2234"]
[EventDate "1999.10.15"]
[PlyCount "122"]

1.e4 e6 2.d4 d5 3.Nc3 Nf6 4.Bg5 Bb4 5.e5 h6 6.Bd2 Bxc3 7.bxc3 Ne4 8.Qg4 
Kf8 9.h4 c5 10.Bd3 Nxd2 11.Kxd2 Qa5 12.dxc5 Nc6 13.Ne2 Nxe5 14.Qb4 Nc6 15.
Qxa5 Nxa5 16.Nd4 a6 17.Nb3 Nc6 18.f4 Bd7 19.Rab1 Rc8 20.a3 Ke7 21.Rhe1 Kf6
22.Re3 Rc7 23.h5 Rhc8 24.g4 g5 25.hxg6 fxg6 26.Rh1 Rh8 27.Nd4 Nd8 28.g5+ 
Kg7 29.Rxh6 Rxh6 30.gxh6+ Kxh6 31.Rh3+ Kg7 32.Rg3 Be8 33.Nb3 Kf6 34.Rh3 
Nc6 35.Rh8 Bf7 36.Rh1 e5 37.fxe5+ Nxe5 38.Rf1+ Kg7 39.Ke3 Re7 40.Kd2 Re8 
41.Nd4 Rc8 42.Rb1 Rc7 43.Rb6 Rxc5 44.Rxb7 Ra5 45.Ne6+ Kf6 46.Nd8 Rxa3 47.
Nxf7 Nxf7 48.Rb6+ Ke5 49.Rxg6 Nd6 50.Rg5+ Ke6 51.Ke3 Ra4 52.Rg8 Kd7 53.Rb8
Kc6 54.Rb4 Ra3 55.Rb3 Ra1 56.Rb8 a5 57.Kd4 Ra4+ 58.Ke3 Rh4 59.Ra8 a4 60.
Ra6+ Kd7 61.Kd2 Ne4+ 1/2-1/2

[Event "3rd VAM op"]
[Site "Hoogeveen NED"]
[Date "1999.10.16"]
[Round "2.7"]
[White "Berelowitsch, Alexander"]
[Black "Tikkanen, Kari"]
[Result "1-0"]
[WhiteElo "2468"]
[BlackElo "2332"]
[EventDate "1999.10.15"]
[PlyCount "153"]

1.e4 d5 2.exd5 Qxd5 3.Nc3 Qa5 4.Nf3 Nf6 5.d4 c6 6.Bc4 Bf5 7.Bd2 e6 8.Ne4 
Qb6 9.Nxf6+ gxf6 10.Bb3 Nd7 11.Qe2 Bg4 12.O-O-O O-O-O 13.Kb1 Bd6 14.h3 Bh5
15.g4 Bg6 16.Nh4 Qc7 17.Qf3 c5 18.Nxg6 hxg6 19.dxc5 Be5 20.c6 Qxc6 21.
Qxc6+ bxc6 22.Be3 Nb6 23.Rxd8+ Kxd8 24.h4 Ke7 25.a4 Bb8 26.a5 Nd5 27.Bc5+ 
Kd7 28.c4 Nf4 29.Ba4 f5 30.Rd1+ Kc7 31.gxf5 exf5 32.Bd6+ Kb7 33.Bxb8 Rxb8 
34.Rd7+ Ka6 35.Bxc6 Kxa5 36.Rxa7+ Kb4 37.Bb5 Rd8 38.Kc2 Rd3 39.Ra4+ Kc5 
40.b4+ Kd4 41.c5 Rf3 42.Ra1 Nd5 43.Rd1+ Ke5 44.Kb2 Nxb4 45.Rd2 Rf4 46.c6 
Nxc6 47.Bxc6 Rxh4 48.Kc3 Rh8 49.Rd5+ Ke6 50.Kd2 Rc8 51.Bb7 Rb8 52.Rb5 Kf6 
53.Rb2 g5 54.Ke3 Ke5 55.Rb5+ Kf6 56.Rb6+ Kg7 57.Kd4 f6 58.Rb3 Kg6 59.Ke3 
Re8+ 60.Kf3 Rb8 61.Bd5 Rd8 62.Rb5 Re8 63.Rb7 Re5 64.Bf7+ Kh6 65.Bc4 Kg6 
66.Bf1 Rc5 67.Bd3 Re5 68.Rb5 Rxb5 69.Bxb5 f4 70.Ke4 Kh5 71.Be2+ Kh4 72.Kf5
f3 73.Bxf3 g4 74.Bg2 g3 75.f4 Kh5 76.Kxf6 Kg4 77.f5 1-0

[Event "3rd VAM op"]
[Site "Hoogeveen NED"]
[Date "1999.10.16"]
[Round "2.8"]
[White "Rantanen, Yrjo"]
[Black "Moll, Arne"]
[Result "0-1"]
[WhiteElo "2358"]
[BlackElo "2172"]
[EventDate "1999.10.15"]
[PlyCount "67"]

1.e4 d5 2.exd5 Nf6 3.c4 e6 4.dxe6 Bxe6 5.d4 Bb4+ 6.Bd2 Qe7 7.Bxb4 Qxb4+ 8.
Qd2 Qe7 9.Kd1 Nc6 10.d5 O-O-O 11.Nc3 Nb4 12.Kc1 c6 13.a3 Na6 14.Qc2 Bg4 
15.Be2 Bxe2 16.Ngxe2 cxd5 17.cxd5 Kb8 18.Rd1 Qc5 19.Nf4 Qc4 20.Qa4 Qc7 21.
h4 Rhe8 22.Kb1 Ne4 23.Nfe2 Nd6 24.Ka2 Nc5 25.Qf4 Nce4 26.Rac1 Qc4+ 27.Ka1 
Qa6 28.Nd4 Ka8 29.Nxe4 Rxe4 30.Qg5 Rde8 31.Qxg7 Qa4 32.Qf6 Nc4 33.Rd3 Nb6 
34.Nb3 0-1

[Event "3rd VAM op"]
[Site "Hoogeveen NED"]
[Date "1999.10.16"]
[Round "2.9"]
[White "Van Delft, Merijn"]
[Black "Markus, John Raymond"]
[Result "0-1"]
[WhiteElo "2323"]
[BlackElo "2156"]
[EventDate "1999.10.15"]
[PlyCount "62"]

1.e4 e5 2.Nf3 Nc6 3.Bb5 a6 4.Ba4 Nf6 5.O-O b5 6.Bb3 Bc5 7.a4 Bb7 8.c3 d6 
9.d4 Bb6 10.Bg5 h6 11.Bh4 g5 12.Bg3 O-O 13.Re1 exd4 14.cxd4 Re8 15.Nc3 Na5
16.Bc2 b4 17.Nd5 Nxd5 18.exd5 Qf6 19.Qd3 Bxd5 20.Qh7+ Kf8 21.Be4 Bxe4 22.
Rxe4 Rxe4 23.Qxe4 Re8 24.Qd3 g4 25.Nh4 Qxd4 26.Qf5 Qe4 27.h3 Qxf5 28.Nxf5 
gxh3 29.gxh3 Re2 30.Kf1 Rxb2 31.Re1 Nc4 0-1

[Event "3rd VAM op"]
[Site "Hoogeveen NED"]
[Date "1999.10.16"]
[Round "2.10"]
[White "Van den Doel, Erik"]
[Black "Visser, Yge"]
[Result "1-0"]
[WhiteElo "2528"]
[BlackElo "2378"]
[EventDate "1999.10.15"]
[PlyCount "155"]

1.e4 e6 2.d4 d5 3.Nc3 Nf6 4.Bg5 Bb4 5.exd5 Qxd5 6.Bxf6 Bxc3+ 7.bxc3 gxf6 
8.Qg4 Ke7 9.Bd3 Nc6 10.Nf3 e5 11.Qe4 Be6 12.O-O Rag8 13.Rfe1 f5 14.Qxd5 
Bxd5 15.Nxe5 Bxg2 16.f4 Be4+ 17.Kf1 Nxe5 18.Bxe4 Ng6 19.Bxb7+ Kf6 20.Re3 
Nxf4 21.Rae1 Rb8 22.Rf3 Kg5 23.Bc6 Rb2 24.Ba4 Rxa2 25.Bb3 Rb2 26.Kf2 Rb8 
27.h4+ Kf6 28.Ba4 Ng6 29.Kg3 h5 30.Bb3 a5 31.Ra1 Ra8 32.Rff1 Ra6 33.Ra4 
Rc6 34.c4 Re6 35.Rxa5 Re3+ 36.Rf3 f4+ 37.Kf2 Rxf3+ 38.Kxf3 Nxh4+ 39.Kxf4 
Ng6+ 40.Ke3 Rb1 41.Rxh5 Re1+ 42.Kd2 Re4 43.c3 Nf4 44.Rc5 Re2+ 45.Kd1 Re7 
46.Bc2 Ne6 47.Rf5+ Kg7 48.c5 Re8 49.Kd2 Rh8 50.Kd3 Kf8 51.Kc4 Ke7 52.Re5 
Kd8 53.Be4 Kd7 54.Bf5 c6 55.Be4 Rh4 56.Bd3 Nc7 57.Re1 Rf4 58.Be4 Ne6 59.
Bh1 Rh4 60.Ra1 f5 61.Bf3 Rf4 62.Bg2 Rg4 63.Bh3 Rf4 64.Re1 Ng5 65.Bg2 Rg4 
66.Bh1 Ne4 67.Bxe4 fxe4 68.Kb4 Rh4 69.c4 Ke6 70.Ka5 Kd7 71.Re3 Kc7 72.Kb4 
Kd7 73.d5 Rh5 74.Rxe4 cxd5 75.Rd4 Rh1 76.cxd5 Rb1+ 77.Kc4 Rc1+ 78.Kb5 1-0

[Event "3rd VAM op"]
[Site "Hoogeveen NED"]
[Date "1999.10.16"]
[Round "2.13"]
[White "Podgaets, Mikhail"]
[Black "Smeets, Jan"]
[Result "1-0"]
[WhiteElo "2490"]
[BlackElo "2193"]
[EventDate "1999.10.15"]
[PlyCount "43"]

1.d4 d5 2.c4 c6 3.Nf3 e6 4.e3 Nf6 5.Bd3 Nbd7 6.O-O Be7 7.Nc3 O-O 8.b3 b6 
9.Bb2 Bb7 10.Qe2 Qc7 11.Rad1 Rad8 12.Ne5 Nxe5 13.dxe5 Nd7 14.cxd5 exd5 15.
Qc2 Nc5 16.Bxh7+ Kh8 17.Bf5 Ne6 18.f4 Bc5 19.Rf3 Nxf4 20.b4 d4 21.Rxf4 g5 
22.Qe2 1-0

[Event "3rd VAM op"]
[Site "Hoogeveen NED"]
[Date "1999.10.16"]
[Round "2.14"]
[White "Pel, Bonno"]
[Black "Tare, Marenglan"]
[Result "1-0"]
[WhiteElo "2224"]
[BlackElo "2139"]
[EventDate "1999.10.15"]
[PlyCount "78"]

1.Nc3 Nf6 2.e4 d6 3.d4 g6 4.f3 Bg7 5.Be3 O-O 6.Qd2 c6 7.O-O-O Qa5 8.Kb1 b5
9.Bh6 Be6 10.Bxg7 Kxg7 11.b3 b4 12.Nce2 c5 13.d5 Bd7 14.g4 Bb5 15.g5 Nfd7 
16.f4 Kg8 17.a4 Ba6 18.h4 c4 19.h5 Nc5 20.Qe3 Nbd7 21.Qh3 cxb3 22.cxb3 
Nxe4 23.hxg6 Ndf6 24.gxf6 Nxf6 25.Nf3 fxg6 26.Ng5 Bc8 27.Ne6 Bxe6 28.Qxe6+
Rf7 29.Bg2 Qc5 30.Nd4 Qc3 31.Rh3 Qc8 32.Qe1 Qg4 33.Rh2 Qxf4 34.Rh4 Qg5 35.
Ne6 Qxg2 36.Rxb4 Rc8 37.Rd2 Qg4 38.Rxg4 Nxg4 39.Nd4 Rcf8 1-0

[Event "3rd VAM op"]
[Site "Hoogeveen NED"]
[Date "1999.10.16"]
[Round "2.15"]
[White "Jonitz, Jens"]
[Black "Cifuentes Parada, Roberto"]
[Result "1/2-1/2"]
[WhiteElo "2316"]
[BlackElo "2506"]
[EventDate "1999.10.15"]
[PlyCount "63"]

1.e4 c5 2.Nf3 Nc6 3.d4 cxd4 4.Nxd4 Nf6 5.Nc3 e5 6.Ndb5 d6 7.Bg5 a6 8.Na3 
b5 9.Nd5 Be7 10.Bxf6 Bxf6 11.c3 Bg5 12.Nc2 O-O 13.a4 bxa4 14.Rxa4 a5 15.
Bc4 Rb8 16.b3 Kh8 17.O-O f5 18.exf5 Bxf5 19.Nce3 Bg6 20.Qe2 e4 21.Bb5 Ne5 
22.Rfa1 Bxe3 23.Nxe3 Bh5 24.Qf1 Nf3+ 25.gxf3 Qg5+ 26.Qg2 Qxb5 27.Rxa5 Qe8 
28.Ra7 Bg6 29.fxe4 Rxb3 30.Nf5 Qe5 31.Qg3 Rxc3 32.Qxe5 1/2-1/2